Aktívna matka v aute
Salvato in:
| Autore principale: | |
|---|---|
| Altri autori: | |
| Natura: | Manoscritto Libro |
| Lingua: | slovacco |
| Pubblicazione: |
Bratislava
2020
|
| Soggetti: | |
| Accesso online: | http://is.stuba.sk/zp/portal_zp.pl?podrobnosti=139052 |
| Tags: |
Nessun Tag, puoi essere il primo ad aggiungerne!!
|
MARC
| LEADER | 00000ntm a22000003a 4500 | ||
|---|---|---|---|
| 001 | stuzp80119 | ||
| 003 | SK-STU | ||
| 005 | 20200811092347.5 | ||
| 007 | ta | ||
| 008 | 150427s2015----xo-----f-mn---000-0-slo-d | ||
| 040 | |a STU |b slo | ||
| 041 | 0 | |a slo | |
| 100 | 1 | |a Ficová, Kristína |u 059190 |4 aut |U FAD Fakulta architektúry |T FA Ústav dizajnu |X 88106 |U A9190 |Y 400 |7 88106 | |
| 242 | 0 | 1 | |a Active Mother Car Kit |y eng |
| 245 | 1 | 0 | |a Aktívna matka v aute |
| 260 | |c 2020 |a Bratislava | ||
| 650 | 4 | |a simply clever |2 slo | |
| 650 | 4 | |a Monessori |2 slo | |
| 650 | 4 | |a hravosť |2 slo | |
| 650 | 4 | |a deti |2 slo | |
| 650 | 4 | |a viacúčelovosť |2 slo | |
| 650 | 4 | |a cestovanie |2 slo | |
| 650 | 4 | |a children |2 eng | |
| 650 | 4 | |a simply clever |2 eng | |
| 650 | 4 | |a multifunctionality |2 eng | |
| 650 | 4 | |a traveling |2 eng | |
| 650 | 4 | |a Montessori |2 eng | |
| 650 | 4 | |a playfulness |2 eng | |
| 700 | 1 | |a Lipková, Michala |u 059190 |k Z1 |4 ths |U FAD Fakulta architektúry |T FA Ústav dizajnu |X 15371 |U A9190 |Y 400 |7 A000015371 | |
| 856 | 4 | |u http://is.stuba.sk/zp/portal_zp.pl?podrobnosti=139052 |u https://opac.crzp.sk/?fn=detailBiblioForm&sid=F50A3640C856E5108FE4B261DB62 | |